[Event "SUI-ch U14"]
[Site "Kreuzlingen"]
[Date "2016.07.03"]
[Round "7.2"]
[White "Barth, Can-Elian"]
[Black "Gherghel Butan, Mircea"]
[Result "1/2-1/2"]
[WhiteElo "1700"]
[BlackElo "1880"]
[PlyCount "71"]
[EventDate "2016.??.??"]

1. d4 d5 2. c4 c6 3. cxd5 cxd5 4. Nf3 Nf6 5. Nc3 Nc6 6. Bf4 a6 7. a3 Bf5 8. Rc1
e6 9. e3 Bd6 10. Bxd6 Qxd6 11. Bd3 Bxd3 12. Qxd3 O-O 13. b4 b5 14. O-O Rfc8 15.
Rc2 Nd7 16. Nd2 Nb6 17. Nb3 Nc4 18. Nb1 a5 19. bxa5 N6xa5 20. Nc5 Rab8 21. e4
Nb7 22. Nxb7 Rxb7 23. e5 Qd7 24. f4 Ra7 25. Rc3 Qe7 26. Rf3 b4 27. axb4 Qxb4
28. Rb3 Qe1+ 29. Rf1 Qa5 30. f5 Qd8 31. Qh3 exf5 32. Qxf5 Qd7 33. Qxd7 Rxd7 34.
Rb5 Rcd8 35. Nc3 h6 36. Rc1 1/2-1/2

[Event "SUI-ch U14"]
[Site "Kreuzlingen"]
[Date "2016.07.03"]
[Round "7.3"]
[White "Tezayak, Matthias"]
[Black "Kreutzmann, Duke"]
[Result "1/2-1/2"]
[WhiteElo "1813"]
[BlackElo "1979"]
[PlyCount "80"]
[EventDate "2016.??.??"]

1. e4 e6 2. d4 d5 3. exd5 exd5 4. Nf3 Nc6 5. Bd3 Bd6 6. O-O Bg4 7. c3 Nge7 8.
Re1 Qd7 9. Nbd2 f6 10. b4 O-O 11. a3 Rae8 12. h3 Bf5 13. Qc2 g5 14. Nf1 Bxd3
15. Qxd3 Qf5 16. Qb5 a6 17. Qe2 Qg6 18. Qe6+ Qf7 19. Bd2 Ng6 20. Qxf7+ Kxf7 21.
g3 Nce7 22. Ne3 c6 23. Kf1 Bc7 24. Rab1 Nc8 25. Nf5 Nd6 26. Nxd6+ Bxd6 27. Kg2
Bc7 28. Kf1 Ne7 29. g4 Ng6 30. Kg2 Bf4 31. Rbd1 Bxd2 32. Rxd2 Nf4+ 33. Kh2 Re4
34. Rxe4 dxe4 35. Ne1 b5 36. Nc2 Nd5 37. Ne3 Rc8 38. Rc2 Nb6 39. Nf5 Nc4 40.
Re2 Re8 1/2-1/2

[Event "SUI-ch U14"]
[Site "Kreuzlingen"]
[Date "2016.07.03"]
[Round "7.4"]
[White "Angst, Oliver"]
[Black "Chennaoui, Yasin"]
[Result "0-1"]
[WhiteElo "1812"]
[BlackElo "1843"]
[PlyCount "112"]
[EventDate "2016.??.??"]

1. e4 d6 2. d4 Nf6 3. Nc3 g6 4. Be3 Bg7 5. f3 c6 6. Qd2 Nbd7 7. O-O-O b5 8. Kb1
a5 9. Bh6 O-O 10. h4 Qb6 11. h5 Re8 12. Bxg7 Kxg7 13. hxg6 fxg6 14. Qh6+ Kg8
15. Nh3 e5 16. dxe5 dxe5 17. Ng5 Re7 18. Rd6 Qc5 19. Rd2 a4 20. Nd1 b4 21. b3
Ba6 22. Bxa6 Rxa6 23. Nf2 axb3 24. cxb3 Ra8 25. Rhd1 Nf8 26. Ngh3 Qa5 27. Qg5
Rf7 28. Qe3 Ne6 29. Ng5 Nxg5 30. Qxg5 Kg7 31. Nd3 Re7 32. Qe3 Ne8 33. Qc5 Qxc5
34. Nxc5 Nc7 35. Rd7 Rae8 36. R7d6 Nb5 37. Kb2 Nxd6 38. Rxd6 Rc8 39. Nd3 c5 40.
Rd5 Kf6 41. Nxc5 Rec7 42. Nd3 Rc2+ 43. Kb1 Rxg2 44. Nxb4 h5 45. Nd3 Rd2 46. f4
exf4 47. e5+ Ke7 48. Nxf4 Rxd5 49. Nxd5+ Ke6 50. Nf4+ Kf5 51. Ng2 g5 52. a4 h4
53. a5 h3 54. Ne3+ Kf4 55. Nd5+ Kf3 56. Nb6 Rd8 0-1

[Event "SUI-ch U14"]
[Site "Kreuzlingen"]
[Date "2016.07.03"]
[Round "7.5"]
[White "Labelle, Ambroise"]
[Black "Pecorini, Angie"]
[Result "1-0"]
[WhiteElo "1726"]
[BlackElo "1676"]
[PlyCount "101"]
[EventDate "2016.??.??"]

1. e4 c5 2. Nf3 Nc6 3. Bb5 e6 4. Bxc6 bxc6 5. b3 d5 6. Nc3 Ba6 7. d3 Ne7 8. O-O
Ng6 9. Re1 Be7 10. Qd2 O-O 11. Na4 Bb5 12. Nb2 c4 13. bxc4 Ba6 14. Nd4 Qb6 15.
Nb3 dxc4 16. Nxc4 Bxc4 17. dxc4 Rfd8 18. Qe3 Ne5 19. c5 Qb7 20. Qg3 Qb4 21. Bd2
Rxd2 22. a3 Qc4 23. Nxd2 Qxc5 24. Nf3 Nxf3+ 25. Qxf3 Qxc2 26. Rec1 Qa4 27. e5
Rc8 28. Qd3 c5 29. Rc4 Qb5 30. Rb1 Qc6 31. Rd1 Qb6 32. Rb1 Qc6 33. Qb3 Rd8 34.
h3 Qd5 35. Qc3 h6 36. Rc1 Rc8 37. Qa5 Qb7 38. a4 a6 39. Rd1 Qb3 40. Rcc1 Qb7
41. Rb1 Qc6 42. Rb6 Qe4 43. Qxa6 Ra8 44. Qb7 Qxa4 45. Rd7 Bh4 46. Rxf7 Kh8 47.
Rxe6 Qa1+ 48. Kh2 Bg5 49. Rxg7 Bf4+ 50. g3 Bxg3+ 51. Rxg3 1-0

[Event "SUI-ch U14"]
[Site "Kreuzlingen"]
[Date "2016.07.03"]
[Round "7.6"]
[White "Toth, Anatol"]
[Black "Ramseyer, Nicola"]
[Result "1-0"]
[WhiteElo "1775"]
[BlackElo "1699"]
[PlyCount "83"]
[EventDate "2016.??.??"]

1. e4 d6 2. d4 Nf6 3. Nc3 g6 4. f4 Bg7 5. Nf3 c6 6. Be3 b5 7. a3 Nbd7 8. h3 Nb6
9. Be2 Qc7 10. O-O Bb7 11. Qd2 Nfd7 12. Rf2 d5 13. exd5 a6 14. dxc6 Qxc6 15.
Ne5 Nxe5 16. fxe5 Rd8 17. Qe1 Nc4 18. Bxc4 bxc4 19. Qe2 O-O 20. Raf1 f6 21.
exf6 exf6 22. Nd1 Rfe8 23. c3 Re4 24. Qd2 Rh4 25. Rf3 Qe6 26. Rf4 Rxf4 27. Bxf4
Rd5 28. Qe3 Qc6 29. Rf2 Rf5 30. Re2 Bf8 31. Qg3 Rb5 32. Kh2 Qd7 33. Qe3 Rf5 34.
Rf2 Qc6 35. Bg3 Rxf2 36. Qxf2 Kf7 37. Ne3 Qd7 38. Nxc4 Qc6 39. Ne3 Qb5 40. c4
Qd7 41. Ng4 Be7 42. Ne5+ 1-0

[Event "SUI-ch U14"]
[Site "Kreuzlingen"]
[Date "2016.07.03"]
[Round "7.7"]
[White "Zaza, Alexandre"]
[Black "Hurlimann, Max"]
[Result "1-0"]
[WhiteElo "1891"]
[BlackElo "1727"]
[PlyCount "103"]
[EventDate "2016.??.??"]

1. e4 c5 2. Nf3 Nc6 3. Nc3 g6 4. d4 cxd4 5. Nxd4 Bg7 6. Nde2 Nf6 7. g3 O-O 8.
Bg2 d6 9. O-O Bd7 10. h3 Rc8 11. Be3 a6 12. a4 Ne5 13. b3 Qa5 14. Ra2 Rc7 15.
Nd5 Nxd5 16. exd5 Rfc8 17. c3 Nc4 18. bxc4 Rxc4 19. Qb3 Bxa4 20. Qxb7 R8c7 21.
Qb6 Qxb6 22. Bxb6 Rb7 23. Ba5 Rb5 24. Bb4 a5 25. Rxa4 axb4 26. Rxb4 Rbxb4 27.
cxb4 Rxb4 28. Rc1 Bh6 29. Rc7 e6 30. dxe6 fxe6 31. Re7 e5 32. Bd5+ Kh8 33. Rd7
e4 34. Rxd6 Rb1+ 35. Kg2 e3 36. f4 Re1 37. Kf3 Rh1 38. h4 Rh2 39. Kxe3 Bf8 40.
Rd8 Kg7 41. Rd7+ Kh8 42. Rc7 h6 43. Be4 g5 44. Rh7+ Kg8 45. hxg5 Bc5+ 46. Kd3
h5 47. Rh6 Rh3 48. g6 Bf8 49. Rh7 Bg7 50. Ke3 Bf6 51. Bd5+ Kf8 52. Rf7+ 1-0

[Event "SUI-ch U14"]
[Site "Kreuzlingen"]
[Date "2016.07.03"]
[Round "7.8"]
[White "Deveci, Sinan"]
[Black "Urwyler, Nikash"]
[Result "0-1"]
[WhiteElo "1688"]
[BlackElo "1716"]
[PlyCount "68"]
[EventDate "2016.??.??"]

1. d4 Nf6 2. Nf3 e6 3. c4 b6 4. g3 Ba6 5. b3 d5 6. Bg2 Bb4+ 7. Bd2 Bd6 8. Qc2
c6 9. O-O O-O 10. Bc1 Nbd7 11. Bb2 Qc7 12. Nbd2 Rac8 13. e4 Bb4 14. Rfc1 Bb7
15. a3 Be7 16. Ne5 dxe4 17. Nxd7 Qxd7 18. Nxe4 Nxe4 19. Bxe4 h6 20. Rd1 Rfd8
21. Rd2 Qc7 22. Rad1 Rd7 23. f4 Rcd8 24. f5 exf5 25. Bxf5 Rd6 26. d5 Bg5 27.
Rd3 cxd5 28. Qf2 dxc4 29. Rxd6 Rxd6 30. Re1 Rd8 31. h4 Be7 32. bxc4 Bc5 33. Bd4
Bxd4 34. Qxd4 Qxg3+ 0-1

[Event "SUI-ch U14 tiebreak Kreuzlingen"]
[Site "Kreuzlingen"]
[Date "2016.07.03"]
[Round "8.1"]
[White "Fischer, Daniel"]
[Black "Gherghel Butan, Mircea"]
[Result "0-1"]
[WhiteElo "2043"]
[BlackElo "1880"]
[PlyCount "62"]
[EventDate "2016.??.??"]
[EventType "rapid"]

1. e4 Nf6 2. e5 Nd5 3. d4 d6 4. exd6 cxd6 5. c4 Nb6 6. Nf3 g6 7. Bd3 Bg7 8. O-O
O-O 9. Nc3 Bg4 10. Be3 Nc6 11. Be2 Bxf3 12. gxf3 e5 13. d5 Ne7 14. Ne4 Nf5 15.
Ng3 Nxe3 16. fxe3 Qg5 17. Qd3 e4 18. Qxe4 Rfe8 19. Qf4 Qxf4 20. exf4 Bxb2 21.
Rab1 Bd4+ 22. Kg2 Be3 23. f5 Bf4 24. Bd3 Re3 25. Rfd1 Rc8 26. Rb4 Nd7 27. fxg6
hxg6 28. Be2 Bxg3 29. Kxg3 Rxe2 30. Rxb7 Ne5 31. Rxa7 Rxc4 0-1

[Event "SUI-ch U14 tiebreak Kreuzlingen"]
[Site "Kreuzlingen"]
[Date "2016.07.03"]
[Round "8.2"]
[White "Gherghel Butan, Mircea"]
[Black "Fischer, Daniel"]
[Result "1-0"]
[WhiteElo "1880"]
[BlackElo "2043"]
[PlyCount "165"]
[EventDate "2016.??.??"]
[EventType "rapid"]

1. d4 Nf6 2. Nf3 d5 3. c4 e6 4. Nc3 Be7 5. e3 O-O 6. Bd3 Nbd7 7. O-O b6 8. e4
dxe4 9. Nxe4 Bb7 10. Re1 Nxe4 11. Bxe4 Bxe4 12. Rxe4 Nf6 13. Re1 c6 14. Bf4 b5
15. b3 a6 16. Qc2 Qb6 17. Rad1 Rac8 18. h3 Rfd8 19. Be3 Qb7 20. Bg5 h6 21. Bh4
Re8 22. Ne5 Nd7 23. Bxe7 Rxe7 24. Nxd7 Rxd7 25. Re2 Rcd8 26. Red2 Rd6 27. Rd3
Qd7 28. Qd2 Ra8 29. Qe3 f6 30. f3 a5 31. Qe4 Ra7 32. Re1 a4 33. c5 Rd5 34.
Qxe6+ Qxe6 35. Rxe6 Rc7 36. Kf2 Kf7 37. Re2 axb3 38. axb3 Rcd7 39. Red2 f5 40.
f4 Kf6 41. Kf3 Re7 42. Re3 Red7 43. Red3 g5 44. g3 Ra7 45. Rd1 Ra2 46. R1d2 Ra3
47. h4 gxh4 48. gxh4 Ra8 49. h5 Rg8 50. Rg2 Re8 51. Re2 Red8 52. Red2 R5d7 53.
Kf2 Re8 54. Re3 Re4 55. Rxe4 fxe4 56. Ke3 Kf5 57. Rg2 Ra7 58. Rg6 Ra3 59. Rxh6
Rxb3+ 60. Ke2 Kxf4 61. Rxc6 Rb2+ 62. Ke1 Ke3 63. Kf1 Rb1+ 64. Kg2 Rb2+ 65. Kg3
Kd3 66. h6 Rb1 67. Kg2 Ra1 68. Rb6 e3 69. Re6 e2 70. h7 Ra8 71. d5 Kd2 72. d6
b4 73. d7 b3 74. Re8 b2 75. Rxa8 e1=Q 76. d8=Q+ Kc2 77. h8=Q Qe4+ 78. Kg3 b1=Q
79. Qh2+ Kc3 80. Qdd2+ Kc4 81. Qhe2+ Qxe2 82. Qxe2+ Kd5 83. Rd8+ 1-0

[Event "SUI-ch U16"]
[Site "Kreuzlingen"]
[Date "2016.06.30"]
[Round "1.1"]
[White "Lucca, Kevin"]
[Black "Baenziger, Fabian"]
[Result "0-1"]
[WhiteElo "1956"]
[BlackElo "2319"]
[PlyCount "38"]
[EventDate "2016.??.??"]

1. e4 c5 2. Nf3 e6 3. d4 cxd4 4. Nxd4 a6 5. Bd3 Bc5 6. Nb3 Ba7 7. O-O Nc6 8.
Qg4 Nf6 9. Qg3 d6 10. Be3 Bxe3 11. Qxe3 O-O 12. f4 Qc7 13. N1d2 e5 14. c3 Rb8
15. Qg3 Nh5 16. Qh4 Nxf4 17. Rxf4 exf4 18. e5 h6 19. Ne4 Nxe5 0-1

[Event "SUI-ch U16"]
[Site "Kreuzlingen"]
[Date "2016.06.30"]
[Round "1.2"]
[White "Dill, Xaver"]
[Black "Megret, Jean"]
[Result "1-0"]
[WhiteElo "2108"]
[BlackElo "1971"]
[PlyCount "59"]
[EventDate "2016.??.??"]

1. Nf3 Nf6 2. c4 g6 3. Nc3 Bg7 4. e4 d6 5. d4 O-O 6. h3 c5 7. d5 a6 8. Bd3 Nbd7
9. O-O Rb8 10. a4 b6 11. Bf4 Nh5 12. Bh2 Ne5 13. Be2 Nxf3+ 14. Bxf3 Nf6 15. e5
dxe5 16. Bxe5 Rb7 17. Re1 Rd7 18. a5 Ne8 19. Bxg7 Kxg7 20. Na4 b5 21. Nxc5 Rc7
22. cxb5 axb5 23. a6 Ra7 24. Ne6+ Bxe6 25. Qd4+ Nf6 26. Qxa7 Bxd5 27. Qxe7 Bxf3
28. Qxd8 Rxd8 29. gxf3 Ra8 30. Re7 1-0

[Event "SUI-ch U16"]
[Site "Kreuzlingen"]
[Date "2016.06.30"]
[Round "1.3"]
[White "Lo Presti, Max"]
[Black "Goldie, Thomas"]
[Result "0-1"]
[WhiteElo "1934"]
[BlackElo "2171"]
[PlyCount "74"]
[EventDate "2016.??.??"]

1. e4 c5 2. Nf3 e6 3. d4 cxd4 4. Nxd4 a6 5. Nc3 Qc7 6. g3 Bb4 7. Bd2 Nc6 8. Nb3
Nf6 9. Bg2 Be7 10. O-O d6 11. f4 O-O 12. g4 h6 13. h4 h5 14. g5 Qb6+ 15. Kh1
Ng4 16. Qe2 Nb4 17. Na4 Qc6 18. Bxb4 Qxa4 19. Bc3 e5 20. f5 Bd7 21. Nc1 Rfd8
22. Bf3 Rac8 23. Nd3 a5 24. Rae1 d5 25. Bxg4 hxg4 26. Nxe5 Bb5 27. Nd3 dxe4 28.
b3 Qxa2 29. Ra1 Bxd3 30. Qxg4 Qxc2 31. Bxg7 Be2 32. Qf4 Bxf1 33. Rxf1 Bd6 34.
Be5 Bxe5 35. Qxe5 Rd1 36. Rg1 Rxg1+ 37. Kxg1 Qd1+ 0-1

[Event "SUI-ch U16"]
[Site "Kreuzlingen"]
[Date "2016.06.30"]
[Round "1.4"]
[White "Stijve, Theo"]
[Black "Meier, Lukas"]
[Result "1/2-1/2"]
[WhiteElo "2071"]
[BlackElo "1932"]
[PlyCount "85"]
[EventDate "2016.??.??"]

1. e4 Nf6 2. e5 Nd5 3. d4 d6 4. Nf3 c6 5. c4 Nc7 6. h3 dxe5 7. Nxe5 Nd7 8. Nf3
g6 9. Nc3 Bg7 10. Be3 O-O 11. Be2 e5 12. Qc2 Ne6 13. Rd1 Qa5 14. d5 Nf4 15. O-O
Nc5 16. Qd2 Nxe2+ 17. Nxe2 Qxd2 18. Nxd2 Nd3 19. dxc6 bxc6 20. b3 f5 21. Nb1 e4
22. Nf4 Ne5 23. Rd2 a5 24. Rfd1 Kf7 25. Bc5 Re8 26. Na3 Ba6 27. Bb6 a4 28. Bc7
Re7 29. Bd6 Ree8 30. Nc2 axb3 31. axb3 Rad8 32. Bc7 Rxd2 33. Rxd2 Bh6 34. Bxe5
Rxe5 35. g3 Ke7 36. Nb4 Bb7 37. Ra2 Kd6 38. Rd2+ Kc7 39. Kf1 Bc8 40. Ke2 g5 41.
Nh5 f4 42. g4 Re6 43. Nc2 1/2-1/2

[Event "SUI-ch U16"]
[Site "Kreuzlingen"]
[Date "2016.06.30"]
[Round "1.5"]
[White "Selinga, Jan"]
[Black "Giesinger, Elias"]
[Result "0-1"]
[WhiteElo "1929"]
[BlackElo "2023"]
[PlyCount "80"]
[EventDate "2016.??.??"]

1. e4 c5 2. Nf3 Nc6 3. d4 cxd4 4. Nxd4 g6 5. Nc3 Bg7 6. Be3 Nf6 7. Be2 O-O 8.
Qd2 d6 9. Nb3 Be6 10. Bh6 Bxh6 11. Qxh6 Rc8 12. O-O Ne5 13. Nd4 Bc4 14. Rad1
Bxe2 15. Ndxe2 a6 16. Qh4 b5 17. Nd4 Nc4 18. b3 Nb2 19. Rb1 Rxc3 20. Rxb2 Qb6
21. Ne2 Rc5 22. c3 Rfc8 23. Rc2 a5 24. Rfc1 g5 25. Qh3 Nxe4 26. Qe3 Qb7 27. f3
Nf6 28. Nd4 Kh8 29. Re2 Re5 30. Qd2 Rxe2 31. Qxe2 Qa7 32. Kh1 Qxd4 33. Qxe7 Qf4
34. Rd1 Kg7 35. h3 Rxc3 36. Qa7 Nh5 37. Qxa5 Rxf3 38. Qxb5 Rxh3+ 39. gxh3 Qf3+
40. Kh2 Qf2+ 0-1

[Event "SUI-ch U16"]
[Site "Kreuzlingen"]
[Date "2016.06.30"]
[Round "1.6"]
[White "Duong, Yisam"]
[Black "Lu, Hanqi"]
[Result "0-1"]
[WhiteElo "1992"]
[BlackElo "1864"]
[PlyCount "58"]
[EventDate "2016.??.??"]

1. e4 e5 2. Nf3 Nc6 3. Bb5 Nf6 4. d3 Bc5 5. Nc3 d6 6. Nd5 h6 7. c3 O-O 8. O-O
Nxd5 9. exd5 Ne7 10. Bc4 Nf5 11. Re1 a6 12. b4 Ba7 13. Bb2 Bd7 14. Bb3 Nh4 15.
h3 Qf6 16. d4 Nxf3+ 17. Qxf3 Qxf3 18. gxf3 exd4 19. cxd4 Bxh3 20. Re7 Rfc8 21.
Rc1 Bb6 22. Rce1 Kf8 23. Ba4 Be6 24. R7xe6 fxe6 25. dxe6 Ke7 26. Bb3 Rf8 27.
Kg2 Rf4 28. Rd1 c6 29. a3 d5 0-1

[Event "SUI-ch U16"]
[Site "Kreuzlingen"]
[Date "2016.06.30"]
[Round "1.7"]
[White "Pellicoro, Nathalie"]
[Black "Hofmann, Colin"]
[Result "1/2-1/2"]
[WhiteElo "1743"]
[BlackElo "1984"]
[PlyCount "136"]
[EventDate "2016.??.??"]

1. e4 c5 2. Nc3 Nc6 3. f4 g6 4. Nf3 Bg7 5. Bb5 Nd4 6. O-O a6 7. Bd3 e6 8. Ne2
Nxf3+ 9. Rxf3 Ne7 10. Ng3 d5 11. Qe1 O-O 12. Be2 dxe4 13. Nxe4 Nf5 14. c3 Qd5
15. d3 b5 16. g4 Ne7 17. Qh4 Re8 18. Nf6+ Bxf6 19. Qxf6 Nc6 20. f5 Qe5 21. fxg6
Qxf6 22. gxh7+ Kxh7 23. Rxf6 Ne5 24. Bf4 Nd7 25. Rh6+ Kg7 26. g5 e5 27. Bf3 Rb8
28. Re1 b4 29. Bd2 bxc3 30. Bxc3 f6 31. Be4 Nf8 32. Rxf6 Bg4 33. Ref1 Bh5 34.
Rxf8 Rxf8 35. Bxe5+ Kg8 36. Bxb8 Rxb8 37. Bd5+ Kg7 38. b3 Re8 39. Be4 a5 40.
Rf6 Be2 41. Rg6+ Kh8 42. Rh6+ Kg8 43. Kf2 Bd1 44. Bd5+ Kg7 45. Rf6 Re2+ 46. Kg3
Rxa2 47. Rf7+ Kg6 48. h4 Re2 49. Rf6+ Kg7 50. Re6 Rd2 51. Re3 Kg6 52. Bc4 Rb2
53. Re6+ Kg7 54. Rc6 Bxb3 55. Rxc5 a4 56. Bxb3 Rxb3 57. Rd5 a3 58. Kf2 a2 59.
Ra5 Rxd3 60. Rxa2 Rh3 61. Ra4 Kg6 62. Kg2 Rb3 63. Rg4 Ra3 64. Rg3 Ra2+ 65. Kh3
Ra4 66. h5+ Kxh5 67. g6 Ra8 68. g7 Rg8 1/2-1/2

[Event "SUI-ch U16"]
[Site "Kreuzlingen"]
[Date "2016.06.30"]
[Round "1.8"]
[White "Pao, Lucas Ping"]
[Black "Walk, David"]
[Result "1-0"]
[WhiteElo "1976"]
[BlackElo "1725"]
[PlyCount "67"]
[EventDate "2016.??.??"]

1. e4 c5 2. Nc3 Nc6 3. g3 g6 4. Bg2 Bg7 5. d3 d6 6. Be3 Nf6 7. h3 a6 8. Qd2 Qc7
9. Bh6 O-O 10. Nge2 b5 11. Bxg7 Kxg7 12. O-O Bb7 13. f4 Rac8 14. f5 Na5 15. Nf4
c4 16. Rae1 b4 17. Nd1 Qc5+ 18. d4 Qb6 19. c3 bxc3 20. bxc3 Rfd8 21. Nf2 Bc6
22. Rb1 Qc7 23. g4 Rb8 24. g5 Nd7 25. Rb4 Rxb4 26. cxb4 Nb7 27. Qc3 Bb5 28. Nd5
Qb8 29. f6+ exf6 30. gxf6+ Kf8 31. Qe3 Ke8 32. Ng4 Rc8 33. e5 Kd8 34. Nh6 1-0

[Event "SUI-ch U16"]
[Site "Kreuzlingen"]
[Date "2016.06.30"]
[Round "2.1"]
[White "Baenziger, Fabian"]
[Black "Giesinger, Elias"]
[Result "1/2-1/2"]
[WhiteElo "2319"]
[BlackElo "2023"]
[PlyCount "148"]
[EventDate "2016.??.??"]

1. d4 Nf6 2. c4 e6 3. g3 d5 4. Nf3 dxc4 5. Bg2 a6 6. a4 Nc6 7. a5 Rb8 8. Qa4
Bd7 9. Qxc4 Nb4 10. Na3 b5 11. axb6 cxb6 12. Bd2 b5 13. Qb3 a5 14. Ne5 Be7 15.
O-O O-O 16. Rfc1 Qb6 17. Be3 Qa6 18. Bg5 Rfd8 19. Nc2 Nbd5 20. e4 Nb6 21. Ng4
Nxg4 22. Bxe7 Re8 23. Bd6 Rbc8 24. h3 Nf6 25. Be5 Nc4 26. Na3 a4 27. Nxc4 Rxc4
28. Rxc4 axb3 29. Rxa6 bxc4 30. g4 h6 31. Kh2 Rc8 32. d5 Rc5 33. Bd4 Rb5 34.
Rd6 Be8 35. Rd8 Kf8 36. dxe6 fxe6 37. Rc8 e5 38. Bc3 Nd7 39. Rxc4 Nb6 40. Rc7
Na4 41. Bf1 Nxc3 42. Rxc3 Rb4 43. Bd3 Bf7 44. Kg3 Ra4 45. Bb1 Ra1 46. Rc1 Ke7
47. Kf3 Kd6 48. Ke3 Be6 49. Kd3 g5 50. Kc3 Kc5 51. Rd1 Bc4 52. Bc2 Rxd1 53.
Bxd1 Bf1 54. Bxb3 Bxh3 55. f3 Bg2 56. Bd1 Bf1 57. b4+ Kb6 58. Kb2 Bc4 59. Kc2
Bf1 60. Kc3 Ba6 61. Kd2 Bc4 62. Ba4 Bf1 63. Be8 Bc4 64. Bd7 Bf1 65. Be6 Ba6 66.
Kc3 Be2 67. Bf5 Bb5 68. Kd2 Bc4 69. Bd7 Ba6 70. Ba4 Bc4 71. Kd1 Bd3 72. Kc1 Bc4
73. Kd2 Bf1 74. Bc2 Kb5 1/2-1/2

[Event "SUI-ch U16"]
[Site "Kreuzlingen"]
[Date "2016.06.30"]
[Round "2.2"]
[White "Lu, Hanqi"]
[Black "Dill, Xaver"]
[Result "0-1"]
[WhiteElo "1864"]
[BlackElo "2108"]
[PlyCount "84"]
[EventDate "2016.??.??"]

1. e4 c5 2. Nc3 a6 3. g3 b5 4. Bg2 Bb7 5. Nge2 e6 6. O-O b4 7. Nb1 Nf6 8. d3 d5
9. exd5 exd5 10. Nd2 Be7 11. Nf3 Nc6 12. h3 O-O 13. Be3 Bd6 14. Bf4 Bc8 15. Qd2
Bf5 16. Rfe1 Re8 17. Bxd6 Qxd6 18. Nf4 h6 19. Rxe8+ Rxe8 20. Re1 Rxe1+ 21. Qxe1
g5 22. Ne2 Ne5 23. Qd2 Nxf3+ 24. Bxf3 Bxh3 25. Bg2 Bxg2 26. Kxg2 d4 27. b3 Qd5+
28. Kg1 Qf3 29. Nc1 Kg7 30. Qe2 Qxe2 31. Nxe2 Nd5 32. Kg2 f5 33. Kh3 Kf6 34.
Kg2 h5 35. Kh3 Ke5 36. Kg2 Nc3 37. Nxc3 dxc3 38. Kh3 f4 39. g4 hxg4+ 40. Kxg4
Kf6 41. Kh3 Kf5 42. f3 a5 0-1

[Event "SUI-ch U16"]
[Site "Kreuzlingen"]
[Date "2016.06.30"]
[Round "2.3"]
[White "Goldie, Thomas"]
[Black "Pao, Lucas Ping"]
[Result "1-0"]
[WhiteElo "2171"]
[BlackElo "1976"]
[PlyCount "41"]
[EventDate "2016.??.??"]

1. d4 c6 2. Nc3 d5 3. Qd3 Nf6 4. Bg5 Nbd7 5. Nf3 g6 6. e4 dxe4 7. Nxe4 Bg7 8.
O-O-O O-O 9. h4 Qc7 10. h5 Re8 11. hxg6 fxg6 12. Qe3 Nxe4 13. Bc4+ e6 14. Qxe4
Nb6 15. Bb3 a5 16. c3 a4 17. Bc2 Bf8 18. Qh4 Nc4 19. Bxg6 hxg6 20. Qh8+ Kf7 21.
Rh7+ 1-0

[Event "SUI-ch U16"]
[Site "Kreuzlingen"]
[Date "2016.06.30"]
[Round "2.4"]
[White "Hofmann, Colin"]
[Black "Stijve, Theo"]
[Result "0-1"]
[WhiteElo "1984"]
[BlackElo "2071"]
[PlyCount "42"]
[EventDate "2016.??.??"]

1. e4 c5 2. Nf3 a6 3. d4 cxd4 4. Nxd4 Nf6 5. f3 e5 6. Nb3 d5 7. exd5 Nxd5 8.
Bg5 Qxg5 9. Qxd5 Nc6 10. Be2 Be6 11. Qd2 Qxg2 12. Rf1 Qxh2 13. Nc3 Rd8 14. Qe3
Nb4 15. Bd3 Rxd3 16. Qf2 Nxc2+ 17. Ke2 Qxf2+ 18. Rxf2 Re3+ 19. Kd2 Nxa1 20.
Nxa1 Bc5 21. Nd1 Rd3+ 0-1

[Event "SUI-ch U16"]
[Site "Kreuzlingen"]
[Date "2016.06.30"]
[Round "2.5"]
[White "Meier, Lukas"]
[Black "Pellicoro, Nathalie"]
[Result "1-0"]
[WhiteElo "1932"]
[BlackElo "1743"]
[PlyCount "63"]
[EventDate "2016.??.??"]

1. e4 g6 2. d4 Bg7 3. Nc3 d6 4. Bc4 Nd7 5. f4 e6 6. Nf3 Ne7 7. O-O O-O 8. Kh1
Nb6 9. Bb3 c5 10. dxc5 dxc5 11. Qe2 Bd7 12. a4 Bc6 13. Be3 Nd7 14. Rad1 Qc7 15.
Ng5 h6 16. Nb5 Bxb5 17. Qxb5 Nf6 18. Nxe6 fxe6 19. Bxe6+ Kh8 20. e5 Nfg8 21.
Rd7 Qc6 22. Qxc6 Nxc6 23. Bxc5 Rfd8 24. Rxb7 Bf8 25. Bxf8 Rxf8 26. c3 Nxe5 27.
b4 Rad8 28. g3 Rd3 29. c4 Nf3 30. Rxa7 Re8 31. f5 gxf5 32. Bxf5 1-0

[Event "SUI-ch U16"]
[Site "Kreuzlingen"]
[Date "2016.06.30"]
[Round "2.6"]
[White "Lo Presti, Max"]
[Black "Duong, Yisam"]
[Result "1-0"]
[WhiteElo "1934"]
[BlackElo "1992"]
[PlyCount "37"]
[EventDate "2016.??.??"]

1. e4 e5 2. Nf3 Nc6 3. Nc3 Nf6 4. d4 exd4 5. Nxd4 Bb4 6. Nxc6 bxc6 7. Bd3 O-O
8. O-O Re8 9. Bg5 h6 10. Bh4 g5 11. Bg3 Bxc3 12. bxc3 Nxe4 13. Qh5 Kg7 14. Bxe4
Rxe4 15. f4 Qe7 16. fxg5 hxg5 17. h4 gxh4 18. Rf5 Re6 19. Bxh4 1-0

[Event "SUI-ch U16"]
[Site "Kreuzlingen"]
[Date "2016.06.30"]
[Round "2.7"]
[White "Walk, David"]
[Black "Lucca, Kevin"]
[Result "1/2-1/2"]
[WhiteElo "1725"]
[BlackElo "1956"]
[PlyCount "61"]
[EventDate "2016.??.??"]

1. c4 Nf6 2. Nc3 e5 3. g3 Bb4 4. Nd5 Nxd5 5. cxd5 O-O 6. Bg2 d6 7. a3 Ba5 8. b4
Bb6 9. d3 f5 10. Nf3 e4 11. dxe4 fxe4 12. Nd4 Qf6 13. Be3 c5 14. Nc2 Nd7 15.
O-O Ne5 16. Bxe4 Bf5 17. Bxf5 Qxf5 18. Bf4 cxb4 19. axb4 Ng4 20. Be3 Qh5 21. h4
Nxe3 22. Nxe3 Bxe3 23. fxe3 Qe5 24. Kg2 Qxe3 25. Rf3 Qe4 26. b5 Rf5 27. Qd3
Qxd3 28. Rxd3 a6 29. bxa6 bxa6 30. e4 Re5 31. Kf3 1/2-1/2

[Event "SUI-ch U16"]
[Site "Kreuzlingen"]
[Date "2016.06.30"]
[Round "2.8"]
[White "Megret, Jean"]
[Black "Selinga, Jan"]
[Result "0-1"]
[WhiteElo "1971"]
[BlackElo "1929"]
[PlyCount "56"]
[EventDate "2016.??.??"]

1. e4 e6 2. d4 d5 3. e5 c5 4. c3 Nc6 5. Nf3 Qb6 6. a3 Bd7 7. b4 cxd4 8. cxd4
Nge7 9. Bb2 g6 10. Nc3 Bh6 11. Be2 O-O 12. O-O Nf5 13. Na4 Qd8 14. Nc5 b6 15.
Nd3 Rc8 16. g4 Nh4 17. Nxh4 Qxh4 18. f4 f6 19. Ne1 fxe5 20. g5 Bxg5 21. fxg5
Qxg5+ 22. Ng2 exd4 23. Bxd4 Rxf1+ 24. Bxf1 Nxd4 25. Qxd4 Rc2 26. Qd3 Rd2 27.
Qc3 e5 28. Qe3 Rxg2+ 0-1

[Event "SUI-ch U16"]
[Site "Kreuzlingen"]
[Date "2016.07.01"]
[Round "3.1"]
[White "Dill, Xaver"]
[Black "Goldie, Thomas"]
[Result "1/2-1/2"]
[WhiteElo "2108"]
[BlackElo "2171"]
[PlyCount "82"]
[EventDate "2016.??.??"]

1. Nf3 d5 2. d4 Nf6 3. c4 c6 4. e3 a6 5. Bd3 b5 6. b3 Bg4 7. Nbd2 Nbd7 8. Qc2
e6 9. Bb2 Be7 10. O-O O-O 11. Ne5 Rc8 12. Nxg4 Nxg4 13. Bxh7+ Kh8 14. h3 f5 15.
Bxf5 exf5 16. hxg4 Bd6 17. g3 Qg5 18. Kg2 Qxg4 19. Qd1 Nf6 20. Qxg4 Nxg4 21.
cxd5 cxd5 22. Rac1 Kg8 23. Nf3 Kf7 24. Rfd1 Kf6 25. Ne1 Ke6 26. Nd3 Rh8 27.
Rxc8 Rxc8 28. Rc1 Rxc1 29. Bxc1 g5 30. Bd2 Nf6 31. Bb4 g4 32. Bxd6 Kxd6 33. Nc5
a5 34. Nb7+ Kc6 35. Nxa5+ Kb6 36. b4 Ne4 37. Nb3 Nc3 38. Nc5 Nxa2 39. Nd3 Kc6
40. f3 Kd6 41. Kf2 Nc3 1/2-1/2

[Event "SUI-ch U16"]
[Site "Kreuzlingen"]
[Date "2016.07.01"]
[Round "3.2"]
[White "Stijve, Theo"]
[Black "Baenziger, Fabian"]
[Result "0-1"]
[WhiteElo "2071"]
[BlackElo "2319"]
[PlyCount "62"]
[EventDate "2016.??.??"]

1. e4 g6 2. d4 Bg7 3. Nc3 d6 4. Be3 a6 5. Qd2 b5 6. a4 b4 7. Nd5 a5 8. c3 e6 9.
Nf4 bxc3 10. bxc3 Ne7 11. Be2 Bb7 12. Bf3 Nd7 13. Nge2 Nb6 14. Ng3 Nc4 15. Qa2
Nxe3 16. fxe3 O-O 17. O-O e5 18. Nd3 exd4 19. exd4 c5 20. dxc5 Bxc3 21. Rac1
Bd4+ 22. Kh1 dxc5 23. Nxc5 Bxc5 24. Rxc5 Rc8 25. Rxc8 Bxc8 26. Qc4 Qd6 27. Qb5
Ba6 28. e5 Qe6 29. Bg4 Bxb5 30. Bxe6 Bxf1 31. Bb3 Bd3 0-1